000 00744nam a22002057a 4500
005 2010081805425.0
010 _aENG-100839
020 _a9788172086879 (set)
020 _a9788172087258 (V.3)
_c70.00
035 _aEN-84372
037 _bDBAD/PUB
082 _a230.35
245 _aPrema dhaara /
_ccompiled by P. P. S. Sharma
260 _aPrasanthi Nilayam
_bSri Sathya Sai Sadhana Trust
_c2009
270 _aAnantapur District
_bPrasanthi Nilayam
_e515134
300 _aV.3 (216p.)
_c21cm (pbk)
700 _aSharma P. P. S.
_914823
942 _2ddc
_cEN
_h230.35
_mPRE
999 _c42441
_d42441